|
|
|
|
| LEADER |
01656nam a2200397 a 4500 |
| 001 |
12439304 |
| 008 |
090706s2002 nyuab b 000 1 eng d |
| 010 |
|
|
|a 2001042716
|
| 020 |
|
|
|a 0393972836 (pbk.)
|
| 040 |
|
|
|a DLC
|c DLC
|d DLC
|
| 082 |
0 |
0 |
|a 813/.3
|2 21
|
| 100 |
1 |
|
|a Melville, Herman,
|d 1819-1891.
|
| 245 |
1 |
0 |
|a Moby-Dick /
|c Herman Melville ; edited by Hershel Parker, Harrison Hayford ; pictorial materials prepared by John B. Putnam.
|
| 250 |
|
|
|a 2nd ed.
|
| 260 |
|
|
|a New York :
|b Norton,
|c c2002.
|
| 300 |
|
|
|a xv, 726 p. :
|b ill., maps ;
|c 24 cm.
|
| 490 |
1 |
|
|a A Norton critical edition
|
| 500 |
|
|
|a "An authoritative text before Moby Dick: international controversy, reviews, and letters by Melville, analogues and sources, reviews of Moby-Dick, criticism."
|
| 500 |
|
|
|a "150th anniversary ed."--Cover.
|
| 504 |
|
|
|a Includes bibliographical references (p. 725-726).
|
| 541 |
1 |
|
|e 00014278
|
| 600 |
1 |
0 |
|a Melville, Herman,
|d 1819-1891.
|t Moby Dick.
|
| 650 |
|
0 |
|a Ahab, Captain (Fictitious character)
|v Fiction.
|
| 650 |
|
0 |
|a Whaling ships
|v Fiction.
|
| 650 |
|
0 |
|a Ship captains
|v Fiction.
|
| 650 |
|
0 |
|a Mentally ill
|v Fiction.
|
| 650 |
|
0 |
|a Whaling
|v Fiction.
|
| 650 |
|
0 |
|a Whales
|v Fiction.
|
| 655 |
|
7 |
|a Psychological fiction.
|2 lcsh
|
| 655 |
|
7 |
|a Adventure stories.
|2 gsafd
|
| 655 |
|
7 |
|a Sea stories.
|2 lcsh
|
| 700 |
1 |
|
|a Parker, Hershel.
|
| 700 |
1 |
|
|a Hayford, Harrison.
|
| 852 |
4 |
|
|a Ayesha Abed Library
|j General shelf
|
| 999 |
|
|
|c 2052
|d 2052
|
| 952 |
|
|
|0 0
|1 0
|2 ddc
|4 0
|6 813_300000000000000_MEL
|7 0
|9 1887
|a BRACUL
|b BRACUL
|c GEN
|d 2009-07-06
|g 338.00
|l 21
|m 139
|o 813.3 MEL
|p 3010014278
|q 2026-06-02
|r 2026-04-29
|s 2026-04-29
|t 1
|v 676.00
|w 2009-07-06
|y BK
|